000 00307nam a2200133Ia 4500
008 240624s9999 xx 000 0 und d
041 _aeng
082 _a657 KIM
100 _aKIMMEL PAUL D
245 _aFINANCIAL ACCOUNTING
250 _a(7th ed.)
260 _c2014
_aNew Delhi
_bWiley
365 _cRS
_b33
999 _c26283
_d26283